000 02662cam a2200601 i 4500
001 200468106
003 TR-AnTOB
005 20260414132700.0
007 ta
008 260414t19731973nyu 000 f eng
010 _a 72083804
020 _a0670348325
020 _a9780670348329
020 _a0670003743
_q(paperback)
020 _a9780670003747
_q(paperback)
035 _a(CU-S)b14063438-01ucs_sdi
035 _a(OCoLC)00592261
_z(OCoLC)6700941
_z(OCoLC)11961782
_z(OCoLC)976816334
_z(OCoLC)1166527574
_z(OCoLC)1166540538
_z(OCoLC)1166994947
_z(OCoLC)1166996759
035 _a(OCoLC)ocm00592261
035 _a(EXLNZ-01UCS_NETWORK)9912424323606531
035 _a(TR-AnTOB)200468106
040 _aDLC
_beng
_erda
_cDLC
_dOCLCQ
_dNLGGC
_dBTCTA
_dYDXCP
_dDEBBG
_dYVO
_dMOF
_dHRH
_dWKM
_dOCLCF
_dOCLCQ
_dOCLCO
_dOCLCQ
_dOCL
_dOCLCO
_dWVX
_dOCLCO
_dOCL
_dTPA
_dOCLCO
_dOCL
_dSFR
_dOCLCQ
_dYT6
_dTYC
_dOCLCQ
_dAU@
_dCSA
_dBOS
_dTFW
_dOCLCO
_dCNO
_dCSO
_dCBA
_dOCLCO
_dCPS
_dOCLCO
_dWUW
_dOCLCQ
_dOCL
_dOCLCO
_dCNCLB
_dOCL
_dMMM
_dOCLCO
_dPUL
_dJ9U
_dSUC
_dLUE
_dOCLCO
_dOCLCL
_dOCLCQ
_dYUS
_dOCLCO
_dIG#
_dOCLCL
_dTR-AnTOB
041 0 _aeng
043 _ae------
050 0 4 _aPS3566.Y55
_bG7 1973
090 _aPS3566.Y55
_bG7 1973
100 1 _aPynchon, Thomas
_eauthor
_4aut
_0http://id.loc.gov/authorities/names/n79099184
_9153650
245 1 0 _aGravity's rainbow /
_cThomas Pynchon.
264 1 _aNew York :
_bThe Viking Press,
_c[1973]
264 4 _c©1973
300 _a760 pages ;
_c23 cm
336 _atext
_btxt
_2rdacontent
337 _aunmediated
_bn
_2rdamedia
338 _avolume
_bnc
_2rdacarrier
490 0 _aA Viking compass book
500 _aA novel.
510 4 _aMead, C. Pynchon,
_cA3a
510 4 _aPostmodern fiction,
_cp. 491
510 4 _aReginald, R. Science fiction,
_c31953
510 4 _aScotto, R.M. Hawkes, Heller and Pynchon,
_c5
510 4 _aWalsh & Northouse. Barth, Kosinski and Pynchon,
_cp. 93
520 _aAn American Lieutenant stationed in London during the Blitz has a bizarre ability.
650 0 _aWorld War, 1939-1945
_vFiction
_0http://id.loc.gov/authorities/subjects/sh87008024
_934938
650 0 _aAmericans
_zEurope
_vFiction
_0http://id.loc.gov/authorities/subjects/sh2007100746
_9116763
650 0 _aRockets (Ordnance)
_vFiction
_9153651
650 0 _aRocketry
_vFiction
_9153652
650 0 _aSoldiers
_vFiction
_9153595
651 0 _aEurope
_vFiction
_9153653
655 7 _aWar fiction
_2lcgft
_0http://id.loc.gov/authorities/genreForms/gf2014026590
_9153646
655 7 _aScience fiction
_2lcgft
_0http://id.loc.gov/authorities/genreForms/gf2014026529
_9153063
942 _2lcc
_cBK
999 _c200468106
_d86318